000 00507nam a2200193 a 4500
005 20140310183451.0
008 090120s19uu xx 00 eng d
020 _a0761971777
050 _aHD 57.7
_b.G52 2006
100 _aGill, Roger
245 _aTheory and practice of leadership /
_cRoger Gill
260 _aLondon :
_bSage Publications,
_c2006.
300 _a393 p. :
_bill. ;
_c25 cm.
521 _aBSBA
650 _aBSBA.
650 _aLeadership.
942 _cBK
_2lcc
_kFOR
999 _c23431
_d23431